Catálogo
 En Linea

Asociación de Instituciones Rurales de Ahorro y Crédito : (Registro nro. 47143)

Detalles MARC
000 -CABECERA
campo de control de longitud fija 00531nam a2200157 a 4500
001 - NÚMERO DE CONTROL
campo de control 000047655
005 - FECHA Y HORA DE LA ÚLTIMA TRANSACCIÓN
campo de control 20201002060647.0
008 - DATOS DE LONGITUD FIJA--INFORMACIÓN GENERAL
campo de control de longitud fija 180713s2017 dr c 000 0 spa d
040 ## - FUENTE DE LA CATALOGACIÓN
Centro catalogador/agencia de origen DO-SdBNP
Lengua de catalogación spa
Centro/agencia transcriptor BNPHU
082 ## - NÚMERO DE LA CLASIFICACIÓN DECIMAL DEWEY
Número de clasificación xxx
Número de documento/Ítem xxxx
110 2# - ENTRADA PRINCIPAL--NOMBRE DE ENTIDAD CORPORATIVA
Nombre de entidad corporativa o nombre de jurisdicción como elemento de entrada Asociación de Instituciones Rurales de Ahorro y Crédito (AIRAC)
9 (RLIN) 75265
245 10 - MENCIÓN DE TÍTULO
Título Asociación de Instituciones Rurales de Ahorro y Crédito :
Resto del título memorias /.
260 ## - PUBLICACIÓN, DISTRIBUCIÓN, ETC.
Lugar de publicación, distribución, etc. Santo Domingo, :
Nombre del editor, distribuidor, etc. Búho,
Fecha de publicación, distribución, etc. [2017].
300 ## - DESCRIPCIÓN FÍSICA
Extensión 83 p. :
Otras características físicas retrs. ;
Dimensiones 29 cm.
590 ## - NOTA LOCAL (RLIN)
Nota local Inventariado, 2018/ YL
Existencias
Estado de retiro Estado de pérdida No para préstamo Código de colección Localización permanente Ubicación/localización actual Ubicación en estantería Fecha de adquisición Número de inventario Total de préstamos Signatura topográfica completa Código de barras Fecha visto por última vez Número de copia Precio válido a partir de Tipo de ítem Koha
    Excluido de préstamo Dominicana de Servicio General General En catalogación 13.07.2018 LF1   xxx xxxx 47655-30 25.06.2020 e. 3 25.06.2020 Libro y Folleto Colección Dominicana de Servicio
      Patrimonio Dominicano General General Orden iniciada 13.07.2018 LF1   xxx xxxx 47656-30 25.06.2020   25.06.2020 Libro y Folleto Colección Patrimonio Dominicano
    Excluido de préstamo Patrimonio Dominicano Patrimonio Dominicano Patrimonio Dominicano En catalogación 13.07.2018 LF1   xxx xxxx 47655-10 25.06.2020   25.06.2020 Libro y Folleto Colección Patrimonio Dominicano
    Excluido de préstamo Patrimonio Dominicano Patrimonio Dominicano Patrimonio Dominicano En catalogación 13.07.2018 LF1   xxx xxxx 47655-20 25.06.2020 e. 2 25.06.2020 Libro y Folleto Colección Patrimonio Dominicano
      Patrimonio Dominicano Patrimonio Dominicano Patrimonio Dominicano Orden iniciada 13.07.2018 LF1   xxx xxxx 47656-10 25.06.2020   25.06.2020 Libro y Folleto Colección Patrimonio Dominicano
      Patrimonio Dominicano Patrimonio Dominicano Patrimonio Dominicano Orden iniciada 13.07.2018 LF1   xxx xxxx 47656-20 25.06.2020   25.06.2020 Libro y Folleto Colección Patrimonio Dominicano

Con tecnología Koha